000 01020nac a22002897a 4500
001 BR8000892
003 BR-BrBNA
005 20240105114621.0
008 230509b bl.|||m| |||| 00| 0 por d
040 _aBR-BrBNA
_bpor
_cBiblioteca Nacional de Agricultura
072 _aS00; R00
090 _a9000 BR8000892
100 1 _aAraujo, A.C. de
100 1 _aPires, L.C.
110 1 _aEmpresa de Assistencia Tecnica e Extensao Rural do Estado de Pernambuco, Recife (Brasil)
245 1 _aSerie metodica para a transferencia de tecnologia social - nutricao [Economia domestica; Brasil]
260 3 _aRecife, PE (Brasil):
_cJul 1980.
300 _a11 p.
490 _aBoletim Tecnico - Empresa de Assistencia Tecnica e Extensao Rural do Estado de Pernambuco (Brazil)
_vno. 26
_x
650 _aNutricao humana
650 _aEconomia domestica
650 _aAlimento
650 _aHigiene de alimento
650 _aConsumo alimentar
909 _a202312
_bLúcia Elande
_c55
_dLúcia Elande
942 _2AGRIS
_n0
_cMS
999 _c270369
_d270369